000 00252nam a22001217a 4500
008 180222b xxu||||| |||| 00| 0 eng d
041 _aeng
080 _a94
100 _a16
101 _ahis
245 _awonders of man
_cedwin.b
942 _2udc
_cBK
999 _c43106
_d43106